000 00375nam a2200133 i 4500
001 bg
245 0 _aCzłowiek w obliczu śmierci :
_bz uwzglendnieniem etyki marksistowskiej granic i praw reanimacji : Krajowa Konferencja ...
260 _aGdańsk,
_c1978.
040 _cBPK
041 _apol
080 _a61:17
942 _cKS
008 s pl f |000 0 pol
999 _c17609
_d17609
856 _uhttp://koha.tu.koszalin.pl/cgi-bin/koha/opac-detail.pl?biblionumber=17609
_yKatalog online BPK